000
00319nam a2200121 a 4500
005
20140414131909.0
008
101006s19uu xx 00 eng d
050
_a
ER
_b
T43 1997
100
_a
Allen, Constance
245
_a
Tickle me :
_b
my name is Elmo.
260
_a
New York :
_b
Random House,
_c
1997.
999
_c
111101
_d
111101